[Event "Titled Tuesday intern op 14th May Late"]
[Site "Chess.com INT"]
[Date "2024.05.14"]
[Round "1"]
[White "Storey, Charles"]
[Black "Postny, Evgeny"]
[Result "0-1"]
[WhiteElo "2150"]
[BlackElo "2602"]
[PlyCount "102"]
[EventDate "2024.05.14"]
[EventType "swiss (blitz)"]
[EventRounds "11"]
[EventCountry "USA"]
[SourceTitle "CB21_2024"]
[SourceDate "2024.05.22"]
[SourceVersion "1"]
[SourceVersionDate "2024.05.22"]
[SourceQuality "1"]

1. e4 c5 2. Nf3 Nc6 3. d4 cxd4 4. Nxd4 Qb6 5. Nb3 Nf6 6. Qe2 d6 7. Be3 Qc7 8. Nc3 g6 9. 0-0-0 Bg7 10. Kb1 0-0 11. f3 Be6 12. h4 h5 13. g4 hxg4 14. f4 Nh5 15. f5 Bxb3 16. axb3 Ng3 17. Qxg4 Nxh1 18. Bc4 Ne5 19. Qg2 Nxc4 20. bxc4 Qxc4 21. Nd5 Rfe8 22. fxg6 f6 23. Rxh1 e6 24. Nf4 d5 25. exd5 exd5 26. Bc1 Qe4 27. Qh3 Rac8 28. Rh2 Bh6 29. Nh5 Qe1 30. Nxf6+ Kh8 31. Rh1 Qf2 32. g7+ Bxg7 33. Nxe8 Qxc2+ 34. Ka2 Rc4 35. Nxg7 Ra4+ 36. Qa3 Rxa3+ 37. Kxa3 Qd3+ 38. Ka2 Qa6+ 39. Kb1 Qd3+ 40. Ka1 Kxg7 41. Rg1+ Kh7 42. Rg5 Qe4 43. h5 d4 44. h6 d3 45. Rg7+ Kh8 46. Bd2 Qa4+ 47. Kb1 Qc2+ 48. Ka1 Qxd2 49. Rxb7 Qa5+ 50. Kb1 Qe1+ 51. Ka2 d2 0-1

[Event "Titled Tuesday intern op 14th May Late"]
[Site "Chess.com INT"]
[Date "2024.05.14"]
[Round "3"]
[White "Uddin, Mubassar"]
[Black "Storey, Charles"]
[Result "0-1"]
[WhiteElo "2016"]
[BlackElo "2150"]
[PlyCount "50"]
[EventDate "2024.05.14"]
[EventType "swiss (blitz)"]
[EventRounds "11"]
[EventCountry "USA"]
[SourceTitle "CB21_2024"]
[SourceDate "2024.05.22"]
[SourceVersion "1"]
[SourceVersionDate "2024.05.22"]
[SourceQuality "1"]

1. d4 g6 2. c4 Bg7 3. Nc3 c5 4. d5 d6 5. e4 Nf6 6. Bd3 0-0 7. Nge2 e6 8. f3 exd5 9. cxd5 b6 10. 0-0 Ba6 11. Bg5 Bxd3 12. Qxd3 Nbd7 13. Ng3 a6 14. a4 Qc7 15. Rac1 Rfb8 16. b4 c4 17. Qd2 b5 18. axb5 axb5 19. Nge2 Ne5 20. Nd4 Nd3 21. Ra1 Nxd5 22. Ndxb5 Qb6+ 23. Kh1 Rxa1 24. Rxa1 Nf2+ 25. Kg1 Nxe4+ 0-1

[Event "Titled Tuesday intern op 18th Apr Late"]
[Site "Chess.com INT"]
[Date "2023.04.18"]
[Round "1"]
[White "Grigoriants, Sergey"]
[Black "Storey, Charles"]
[Result "1-0"]
[WhiteElo "2557"]
[BlackElo "2138"]
[PlyCount "71"]
[EventDate "2023.04.18"]
[EventType "swiss (blitz)"]
[EventRounds "11"]
[EventCountry "USA"]
[SourceTitle "EXT 2024"]
[Source "ChessBase"]
[SourceDate "2023.10.10"]
[SourceVersion "1"]
[SourceVersionDate "2023.10.10"]
[SourceQuality "1"]

1. d4 g6 2. e4 Bg7 3. Nf3 c5 4. d5 d6 5. Bb5+ Bd7 6. a4 Nf6 7. Nc3 0-0 8. 0-0 Bxb5 9. axb5 Nbd7 10. Re1 Ne8 11. Bf4 f6 12. Ne2 Nc7 13. c4 a6 14. bxa6 Nxa6 15. Bd2 Nb4 16. Bxb4 cxb4 17. Nfd4 Nc5 18. Nf4 Rxa1 19. Qxa1 Qa8 20. Nde6 Qxa1 21. Rxa1 Nxe6 22. Nxe6 Rb8 23. Ra4 b5 24. Rxb4 Ra8 25. g3 bxc4 26. Rxc4 f5 27. exf5 Bxb2 28. fxg6 hxg6 29. Rb4 Bf6 30. Rb5 Kf7 31. h4 Ra2 32. Kg2 Rd2 33. Kf3 Bd4 34. Rb8 Kf6 35. Ke4 g5 36. hxg5+ 1-0

[Event "Titled Tuesday intern op 06th Dec Late"]
[Site "Chess.com INT"]
[Date "2022.12.06"]
[Round "7"]
[White "Storey, Charles"]
[Black "Aung, Thant Zin"]
[Result "1-0"]
[WhiteElo "2138"]
[BlackElo "2268"]
[PlyCount "159"]
[EventDate "2022.12.06"]
[EventType "swiss (blitz)"]
[EventRounds "11"]
[EventCountry "USA"]
[SourceTitle "CBM 211 Extra"]
[Source "ChessBase"]
[SourceDate "2023.01.31"]
[SourceVersion "1"]
[SourceVersionDate "2023.01.31"]
[SourceQuality "1"]

1. d4 Nf6 2. Bg5 e6 3. e4 d5 4. e5 Be7 5. exf6 gxf6 6. Be3 c5 7. c3 Nc6 8. Nf3 e5 9. Bb5 cxd4 10. cxd4 Qa5+ 11. Nc3 Be6 12. 0-0 e4 13. Nd2 0-0 14. Qh5 Rad8 15. Bxc6 bxc6 16. Ncxe4 Kh8 17. Ng3 Rg8 18. Nb3 Qc7 19. Nc5 Bg4 20. Qh6 Rg6 21. Bf4 Qc8 22. Qh4 Re8 23. Rfe1 Be6 24. Nxe6 fxe6 25. Qh3 Bb4 26. Re2 Kg8 27. a3 Ba5 28. b4 Bb6 29. Rae1 Bxd4 30. Rxe6 Rxe6 31. Qxe6+ Qxe6 32. Rxe6 c5 33. bxc5 Bxc5 34. a4 Kf7 35. Rc6 Bb6 36. Bd2 Rg4 37. a5 Bd8 38. Rd6 Rd4 39. Be3 Rd1+ 40. Nf1 Bxa5 41. Rd7+ Ke6 42. Rxa7 h5 43. Ra6+ Kf5 44. Rxa5 Ke4 45. f3+ Ke5 46. Ra4 f5 47. g3 Rb1 48. f4+ Kd6 49. Kf2 Rb2+ 50. Nd2 Kc6 51. Kf3 Rc2 52. Ra6+ Kb5 53. Rf6 d4 54. Rxf5+ Kb4 55. Bxd4 Rxd2 56. Bf2 Rd3+ 57. Ke4 Rd1 58. Rxh5 Kc4 59. Kf3 Kb4 60. Re5 Rb1 61. h4 Rh1 62. Kg4 Kc4 63. Bc5 Kd3 64. h5 Kc4 65. h6 Rxh6 66. Kg5 Rh3 67. g4 Rg3 68. f5 Rg2 69. f6 Rg3 70. f7 Rf3 71. Rf5 Rxf5+ 72. gxf5 Kxc5 73. f8Q+ Kc6 74. f6 Kc7 75. f7 Kd7 76. Qe8+ Kc7 77. f8Q Kb6 78. Qb4+ Kc7 79. Qee7+ Kc6 80. Qed6# 1-0

[Event "Titled Tuesday intern op 06th Dec Late"]
[Site "Chess.com INT"]
[Date "2022.12.06"]
[Round "1"]
[White "Storey, Charles"]
[Black "Kuzmicz, Krystian"]
[Result "1-0"]
[WhiteElo "2138"]
[BlackElo "2466"]
[PlyCount "73"]
[EventDate "2022.12.06"]
[EventType "swiss (blitz)"]
[EventRounds "11"]
[EventCountry "USA"]
[SourceTitle "CBM 211 Extra"]
[Source "ChessBase"]
[SourceDate "2023.01.31"]
[SourceVersion "1"]
[SourceVersionDate "2023.01.31"]
[SourceQuality "1"]

1. e4 c5 2. Nf3 e6 3. d3 Nc6 4. Nbd2 d5 5. g3 Bd6 6. Bg2 Nge7 7. 0-0 Qc7 8. Re1 f6 9. Nf1 Bd7 10. a3 0-0-0 11. b4 g5 12. bxc5 Bxc5 13. d4 Bd6 14. e5 fxe5 15. dxe5 Nxe5 16. Bxg5 Nxf3+ 17. Qxf3 Rhg8 18. Be3 Rdf8 19. Qe2 Nc6 20. c4 d4 21. Bd2 e5 22. c5 Be7 23. Rec1 Rg6 24. Rab1 Rgf6 25. Be1 Nd8 26. Nd2 Bc6 27. Ne4 Rg6 28. Nd6+ Bxd6 29. cxd6 Rxd6 30. Bb4 Re8 31. Bxd6 Qxd6 32. Be4 Re7 33. Qf3 Kc7 34. Qf8 Qd7 35. Bf5 Qd5 36. Qxe7+ Kb8 37. Be4 1-0

[Event "Titled Tuesday intern op 06th Dec Late"]
[Site "Chess.com INT"]
[Date "2022.12.06"]
[Round "11"]
[White "Womacka, Mathias"]
[Black "Storey, Charles"]
[Result "0-1"]
[WhiteElo "2409"]
[BlackElo "2138"]
[PlyCount "132"]
[EventDate "2022.12.06"]
[EventType "swiss (blitz)"]
[EventRounds "11"]
[EventCountry "USA"]
[SourceTitle "CBM 211 Extra"]
[Source "ChessBase"]
[SourceDate "2023.01.31"]
[SourceVersion "1"]
[SourceVersionDate "2023.01.31"]
[SourceQuality "1"]

1. e4 g6 2. d4 Bg7 3. Nc3 c5 4. dxc5 Bxc3+ 5. bxc3 Nf6 6. Qd4 Nc6 7. Qa4 b6 8. cxb6 Bb7 9. Bd3 axb6 10. Qb3 Ne5 11. f3 0-0 12. Ne2 d5 13. exd5 Bxd5 14. Qb4 Bc6 15. Nd4 Bb7 16. 0-0 Nd5 17. Qb3 Rc8 18. Nb5 Ba6 19. c4 Nc7 20. Bb2 Nxd3 21. cxd3 Bxb5 22. cxb5 Qd5 23. Qxd5 Nxd5 24. Rfc1 Nb4 25. Rxc8 Rxc8 26. Bd4 Nd5 27. a4 Ra8 28. Kf2 f6 29. Ke2 e5 30. Bb2 Kf7 31. g3 Ke6 32. d4 Rc8 33. Kd3 Nb4+ 34. Ke3 Nc2+ 35. Kd3 Nxa1 36. Bxa1 Ra8 37. dxe5 fxe5 38. f4 exf4 39. gxf4 Rxa4 40. Bd4 Rb4 41. Bxb6 Rxb5 42. Be3 Kf5 43. Ke2 Ke4 44. Bf2 Rb2+ 45. Kf1 Kxf4 46. Bd4 Rc2 47. h3 Kf3 48. Kg1 Kg3 49. Kf1 Kxh3 50. Be5 Ra2 51. Kg1 h5 52. Kf1 g5 53. Bf6 g4 54. Be5 h4 55. Bf6 g3 56. Be5 Kg4 57. Ke1 h3 58. Kf1 Rc2 59. Ke1 Rc5 60. Bd4 Rb5 61. Ke2 Rb7 62. Ke3 Rd7 63. Ke4 Rf7 64. Be5 Rf3 65. Bxg3 Rxg3 66. Ke5 h2 0-1

[Event "Titled Tuesday intern op 06th Dec Late"]
[Site "Chess.com INT"]
[Date "2022.12.06"]
[Round "3"]
[White "Yi, Richard"]
[Black "Storey, Charles"]
[Result "0-1"]
[WhiteElo "2138"]
[BlackElo "2138"]
[PlyCount "54"]
[EventDate "2022.12.06"]
[EventType "swiss (blitz)"]
[EventRounds "11"]
[EventCountry "USA"]
[SourceTitle "CBM 211 Extra"]
[Source "ChessBase"]
[SourceDate "2023.01.31"]
[SourceVersion "1"]
[SourceVersionDate "2023.01.31"]
[SourceQuality "1"]

1. d4 g6 2. c4 Bg7 3. e4 c5 4. d5 e6 5. Nc3 Ne7 6. Bg5 h6 7. Be3 d6 8. Qd2 exd5 9. cxd5 Nd7 10. f3 Ne5 11. Bb5+ Bd7 12. Qe2 0-0 13. Bxd7 Qxd7 14. Nh3 c4 15. 0-0 b5 16. Qd2 Kh7 17. Ne2 Nd3 18. Rab1 f5 19. Nd4 fxe4 20. fxe4 Qg4 21. Ne6 Qxe4 22. Nxg7 Rxf1+ 23. Rxf1 Kxg7 24. Bxh6+ Kh8 25. Rf7 Nf5 26. Bg5 Re8 27. Bh4 Qxh4 0-1

[Event "UK-ch Blitz"]
[Site "Leamington Spa"]
[Date "2022.12.03"]
[Round "7"]
[White "Storey, Charles"]
[Black "Camacho Collados, Jose"]
[Result "0-1"]
[WhiteElo "2251"]
[BlackElo "2280"]
[PlyCount "48"]
[EventDate "2022.12.03"]
[EventType "tourn (blitz)"]
[EventRounds "15"]
[EventCountry "ENG"]
[SourceTitle "CBM 211 Extra"]
[Source "ChessBase"]
[SourceDate "2023.01.31"]
[SourceVersion "1"]
[SourceVersionDate "2023.01.31"]
[SourceQuality "1"]

1. c4 b6 2. d4 Bb7 3. Nc3 e6 4. e4 Bb4 5. Bd3 Nf6 6. Qe2 d6 7. Nf3 Nbd7 8. Bg5 h6 9. Bh4 e5 10. 0-0 Bxc3 11. bxc3 Qe7 12. a4 a5 13. Nd2 g5 14. Bg3 h5 15. f3 h4 16. Bf2 Nh5 17. g3 hxg3 18. hxg3 Qe6 19. Be1 0-0-0 20. c5 dxc5 21. d5 Qh6 22. Qg2 Rdg8 23. Be2 Nf4 24. gxf4 gxf4 0-1

[Event "UK-ch Blitz"]
[Site "Leamington Spa"]
[Date "2022.12.03"]
[Round "12"]
[White "Storey, Charles"]
[Black "Tahmankar, Mandar"]
[Result "1-0"]
[WhiteElo "2251"]
[BlackElo "2097"]
[PlyCount "85"]
[EventDate "2022.12.03"]
[EventType "tourn (blitz)"]
[EventRounds "15"]
[EventCountry "ENG"]
[SourceTitle "CBM 211 Extra"]
[Source "ChessBase"]
[SourceDate "2023.01.31"]
[SourceVersion "1"]
[SourceVersionDate "2023.01.31"]
[SourceQuality "1"]

1. c4 Nf6 2. g3 d5 3. cxd5 Nxd5 4. Bg2 g6 5. Nc3 c6 6. h4 h5 7. Nf3 Bg7 8. d4 0-0 9. e4 Nxc3 10. bxc3 c5 11. 0-0 Nc6 12. Be3 Bg4 13. Rb1 cxd4 14. cxd4 b6 15. d5 Ne5 16. Bf4 f5 17. Bxe5 Bxe5 18. exf5 Rxf5 19. Qd3 Bg7 20. Ng5 Rxg5 21. hxg5 Qd6 22. Be4 Kh7 23. Rbc1 Bd7 24. Kg2 Rf8 25. Rh1 Bf5 26. Rc6 Qe5 27. Bxf5 Rxf5 28. Re6 Qxd5+ 29. Qxd5 Rxd5 30. Rxe7 a5 31. Rc1 Kg8 32. Rc8+ Bf8 33. Ree8 Rf5 34. f4 Kg7 35. Rc7+ Kg8 36. Rb8 b5 37. Rb6 Bb4 38. Rxg6+ Kh8 39. Rh6+ Kg8 40. Rxh5 Rd5 41. Rh6 Rd2+ 42. Kh3 Rd1 43. Rb6 1-0

[Event "Titled Tuesday intern op 29th Nov Late"]
[Site "Chess.com INT"]
[Date "2022.11.29"]
[Round "4"]
[White "Storey, Charles"]
[Black "Arkell, Keith C"]
[Result "0-1"]
[WhiteElo "2138"]
[BlackElo "2408"]
[PlyCount "120"]
[EventDate "2022.11.29"]
[EventType "swiss (blitz)"]
[EventRounds "11"]
[EventCountry "USA"]
[SourceTitle "EXT 2024"]
[Source "ChessBase"]
[SourceDate "2023.10.10"]
[SourceVersion "1"]
[SourceVersionDate "2023.10.10"]
[SourceQuality "1"]

1. c4 c6 2. b3 d5 3. Bb2 Nf6 4. Nf3 g6 5. e3 Bg7 6. d4 0-0 7. Nbd2 Bf5 8. Nh4 Bg4 9. Be2 Bxe2 10. Qxe2 Nbd7 11. 0-0 e6 12. Nhf3 Ne4 13. Nxe4 dxe4 14. Nd2 f5 15. Ba3 Re8 16. Rad1 Qa5 17. Nb1 Rad8 18. Qd2 Qxd2 19. Rxd2 Nf6 20. Rfd1 Rd7 21. Nc3 Red8 22. Na4 b6 23. h3 h5 24. Kf1 c5 25. Bxc5 bxc5 26. Nxc5 Re7 27. b4 Kf7 28. b5 Rc8 29. a4 Nd7 30. Nxd7 Rxd7 31. c5 e5 32. c6 Rd5 33. dxe5 Rxd2 34. Rxd2 Rc7 35. Rd5 Ke6 36. Rd6+ Kxe5 37. Rxg6 Bf6 38. Ke2 h4 39. g4 hxg3 40. fxg3 Rh7 41. h4 Bd8 42. Rg8 Bb6 43. Rb8 Kd6 44. Rf8 Rg7 45. Kf2 Ke5 46. Rh8 Rf7 47. h5 Kd5 48. h6 Kc4 49. Rg8 Rh7 50. Rg6 Kb4 51. Rf6 Kxa4 52. Rxf5 Rxh6 53. g4 Rh3 54. g5 Rxe3 55. Kg2 Re1 56. Kg3 e3 57. Kg4 e2 58. Re5 Rg1+ 59. Kh5 e1Q 60. Rxe1 Rxe1 0-1

[Event "Titled Tuesday intern op 22nd Nov Late"]
[Site "Chess.com INT"]
[Date "2022.11.22"]
[Round "5"]
[White "Stanisz, Patryk"]
[Black "Storey, Charles"]
[Result "0-1"]
[WhiteElo "2169"]
[BlackElo "2138"]
[PlyCount "112"]
[EventDate "2022.11.22"]
[EventType "swiss (blitz)"]
[EventRounds "11"]
[EventCountry "USA"]
[SourceTitle "CBM 211 Extra"]
[Source "ChessBase"]
[SourceDate "2023.01.31"]
[SourceVersion "1"]
[SourceVersionDate "2023.01.31"]
[SourceQuality "1"]

1. d4 g6 2. c4 Bg7 3. Nc3 c5 4. Nf3 cxd4 5. Nxd4 Nc6 6. e3 Nh6 7. Be2 d6 8. 0-0 0-0 9. Bf3 Bd7 10. Rb1 Nf5 11. Nde2 Nh4 12. Bxc6 Bxc6 13. f3 Nf5 14. e4 Qb6+ 15. Rf2 Nd4 16. Kf1 Nxe2 17. Nxe2 Qa6 18. Qb3 Ba4 19. Qa3 Bc2 20. Qxa6 bxa6 21. Ra1 Bd3 22. Ke1 Bxc4 23. Nc3 Rab8 24. Be3 Rxb2 25. Rxb2 Bxc3+ 26. Rd2 Bxa1 27. Kf2 Rb8 28. Rc2 Rb2 29. Rxb2 Bxb2 30. Bxa7 Bxa2 31. Ke3 Bc4 32. Kd2 Be5 33. g3 g5 34. Be3 h6 35. f4 Bf6 36. Bb6 e5 37. f5 g4 38. Bc7 d5 39. exd5 Bxd5 40. Ba5 Be4 41. Ke3 Bxf5 42. Kf2 h5 43. Ke3 Bg5+ 44. Kf2 Be6 45. Kg2 f5 46. h4 Be3 47. Bc7 f4 48. gxf4 exf4 49. Kf1 f3 50. Ke1 Bb3 51. Kf1 Bc4+ 52. Ke1 f2+ 53. Kd1 f1Q+ 54. Kc2 Qd3+ 55. Kb2 Qb3+ 56. Ka1 Bd4# 0-1

[Event "Titled Tuesday intern op 15th Nov Early"]
[Site "Chess.com INT"]
[Date "2022.11.15"]
[Round "5"]
[White "Fajdetic, Hrvoje"]
[Black "Storey, Charles"]
[Result "1/2-1/2"]
[WhiteElo "2151"]
[BlackElo "2138"]
[PlyCount "121"]
[EventDate "2022.11.15"]
[EventType "swiss (blitz)"]
[EventRounds "11"]
[EventCountry "USA"]
[SourceTitle "CBM 211 Extra"]
[Source "ChessBase"]
[SourceDate "2023.01.31"]
[SourceVersion "1"]
[SourceVersionDate "2023.01.31"]
[SourceQuality "1"]

1. b3 g6 2. Bb2 Nf6 3. g3 Bg7 4. Bg2 c5 5. d3 d5 6. Nd2 Nc6 7. e4 d4 8. Ne2 e5 9. 0-0 h5 10. h3 h4 11. g4 g5 12. f3 Ng8 13. Rf2 Nge7 14. c3 0-0 15. a3 Be6 16. b4 dxc3 17. Nxc3 cxb4 18. axb4 Nxb4 19. Bf1 Nxd3 20. Bxd3 Qxd3 21. Nf1 Qxd1 22. Rxd1 Ng6 23. Nb5 Nf4 24. Kh2 a5 25. Nc7 Rac8 26. Nxe6 Nxe6 27. Ne3 Nd4 28. Bxd4 exd4 29. Nf5 Be5+ 30. Kg2 Rc4 31. Rb2 Rb8 32. Rb5 Rc2+ 33. Kg1 f6 34. Rxa5 Rc3 35. Nxd4 Bxd4+ 36. Rxd4 Rxf3 37. e5 Rc8 38. exf6 Kf7 39. Rxg5 Kxf6 40. Rf5+ Rxf5 41. gxf5 b5 42. Rxh4 Rb8 43. Rb4 Kxf5 44. Kg2 Ke5 45. Kg3 Kd5 46. Kg4 Kc5 47. Rb1 Rg8+ 48. Kf5 Rh8 49. Kg4 b4 50. h4 Kc4 51. h5 Kc3 52. Kg5 b3 53. Kg6 Kc2 54. Rh1 b2 55. h6 Rb8 56. h7 Ra8 57. Rh2+ Kc1 58. Rxb2 Kxb2 59. Kg7 Ra7+ 60. Kg8 Rxh7 61. Kxh7 1/2-1/2

[Event "Titled Tuesday intern op 15th Nov Early"]
[Site "Chess.com INT"]
[Date "2022.11.15"]
[Round "10"]
[White "Oro, Faustino"]
[Black "Storey, Charles"]
[Result "0-1"]
[WhiteElo "2148"]
[BlackElo "2138"]
[PlyCount "94"]
[EventDate "2022.11.15"]
[EventType "swiss (blitz)"]
[EventRounds "11"]
[EventCountry "USA"]
[SourceTitle "CBM 211 Extra"]
[Source "ChessBase"]
[SourceDate "2023.01.31"]
[SourceVersion "1"]
[SourceVersionDate "2023.01.31"]
[SourceQuality "1"]

1. Nf3 g6 2. e4 Bg7 3. d4 c5 4. c4 cxd4 5. Nxd4 Nc6 6. Be3 Qb6 7. Nb3 Qc7 8. Nc3 Bxc3+ 9. bxc3 b6 10. Be2 d6 11. 0-0 Nf6 12. f3 0-0 13. a4 Be6 14. Nd4 Na5 15. Nxe6 fxe6 16. Qd3 Rfc8 17. e5 dxe5 18. c5 bxc5 19. Qc2 c4 20. Rab1 Rab8 21. Rb5 a6 22. Rc5 Qxc5 23. Bxc5 Rxc5 24. Rb1 Rb3 25. Bd1 Nd5 26. Be2 Rxb1+ 27. Qxb1 Nxc3 28. Qb8+ Kf7 29. Bf1 Nd5 30. Qxe5 c3 31. Bd3 c2 32. Bxc2 Rxc2 33. h3 Nc4 34. Qe4 Nce3 35. g4 Rc4 36. Qe5 Rxa4 37. Qh8 h5 38. gxh5 gxh5 39. Qxh5+ Kf8 40. Qh6+ Kf7 41. Qh7+ Ke8 42. h4 Ra1+ 43. Kf2 Ra2+ 44. Kg1 Kd7 45. h5 Nf4 46. h6 Rg2+ 47. Kh1 Nf5 0-1

[Event "Titled Tuesday intern op 15th Nov Early"]
[Site "Chess.com INT"]
[Date "2022.11.15"]
[Round "7"]
[White "Sanchez, Roberto Daniel"]
[Black "Storey, Charles"]
[Result "0-1"]
[WhiteElo "1971"]
[BlackElo "2138"]
[PlyCount "46"]
[EventDate "2022.11.15"]
[EventType "swiss (blitz)"]
[EventRounds "11"]
[EventCountry "USA"]
[SourceTitle "CBM 211 Extra"]
[Source "ChessBase"]
[SourceDate "2023.01.31"]
[SourceVersion "1"]
[SourceVersionDate "2023.01.31"]
[SourceQuality "1"]

1. e4 g6 2. d4 Bg7 3. Nc3 c5 4. Nf3 Qa5 5. e5 cxd4 6. Qxd4 Nc6 7. Qd1 Nxe5 8. Nxe5 Bxe5 9. Bd2 Bg7 10. Be2 Nf6 11. 0-0 0-0 12. Bf3 Qb6 13. Rb1 d6 14. Re1 Be6 15. a4 d5 16. Bg5 Rfd8 17. Qd2 Rac8 18. Rec1 a6 19. Bh6 Bxh6 20. Qxh6 Qb4 21. h4 Bf5 22. Re1 Bxc2 23. Rxe7 Qxe7 0-1

[Event "Titled Tuesday intern op 15th Nov Late"]
[Site "Chess.com INT"]
[Date "2022.11.15"]
[Round "4"]
[White "Shuvalova, Polina"]
[Black "Storey, Charles"]
[Result "1-0"]
[WhiteElo "2492"]
[BlackElo "2138"]
[PlyCount "59"]
[EventDate "2022.11.15"]
[EventType "swiss (blitz)"]
[EventRounds "11"]
[EventCountry "USA"]
[SourceTitle "CBM 211 Extra"]
[Source "ChessBase"]
[SourceDate "2023.01.31"]
[SourceVersion "1"]
[SourceVersionDate "2023.01.31"]
[SourceQuality "1"]

1. d4 g6 2. e4 Bg7 3. Nc3 c5 4. Nf3 Qa5 5. Be3 Nf6 6. Bd3 c4 7. Bxc4 Nxe4 8. 0-0 Nxc3 9. bxc3 Qxc3 10. Bb3 0-0 11. Re1 e6 12. Bd2 Qc7 13. c4 Nc6 14. d5 Na5 15. Rc1 Nxb3 16. axb3 b6 17. Bc3 Bxc3 18. Rxc3 Bb7 19. Ng5 exd5 20. Rh3 h5 21. cxd5 Rae8 22. Ne4 f5 23. Nf6+ Rxf6 24. Rxe8+ Kf7 25. Rhe3 Qd6 26. h3 Kg7 27. R3e7+ Rf7 28. Qd4+ Qf6 29. Rxf7+ Kxf7 30. Rf8+ 1-0

[Event "Titled Tuesday intern op 15th Nov Late"]
[Site "Chess.com INT"]
[Date "2022.11.15"]
[Round "10"]
[White "Storey, Charles"]
[Black "Kleiman, Jake"]
[Result "0-1"]
[WhiteElo "2138"]
[BlackElo "2399"]
[PlyCount "130"]
[EventDate "2022.11.15"]
[EventType "swiss (blitz)"]
[EventRounds "11"]
[EventCountry "USA"]
[SourceTitle "CBM 211 Extra"]
[Source "ChessBase"]
[SourceDate "2023.01.31"]
[SourceVersion "1"]
[SourceVersionDate "2023.01.31"]
[SourceQuality "1"]

1. c4 e6 2. g3 Nf6 3. Bg2 d5 4. Nf3 dxc4 5. Qa4+ Bd7 6. Qxc4 Bc6 7. d4 Nbd7 8. Nc3 Be7 9. 0-0 0-0 10. Qd3 b6 11. e4 Nc5 12. Qc4 b5 13. Nxb5 Bxb5 14. Qxb5 Ncxe4 15. Ne5 Qxd4 16. Nc6 Qc5 17. Nxe7+ Qxe7 18. Qe2 Nd6 19. Bxa8 Rxa8 20. Bg5 Nde8 21. Rac1 h6 22. Bxf6 Nxf6 23. Rc2 Nd5 24. Rfc1 Rb8 25. Rc5 Qd7 26. Qd2 Qa4 27. b3 Qg4 28. R5c4 Qf5 29. Qd4 a6 30. Qa7 Rb6 31. Rxc7 Rd6 32. Qc5 Qe5 33. Qc2 Nxc7 34. Qxc7 Rd1+ 35. Kg2 Qd5+ 36. Kh3 Qf5+ 37. Kg2 Rd2 38. Qc8+ Kh7 39. Qc5 Qe4+ 40. Kg1 Qe2 41. a4 h5 42. Qe3 Qxe3 43. fxe3 Rd3 44. Rb1 Rxe3 45. b4 Ra3 46. b5 axb5 47. axb5 Ra8 48. Kf2 Rb8 49. Ke3 Kg6 50. Kd4 Kg5 51. h3 f6 52. Kc5 e5 53. Rb4 f5 54. b6 e4 55. Kc6 h4 56. gxh4+ Kxh4 57. Kc7 Rf8 58. b7 g5 59. b8Q Rxb8 60. Rxb8 Kxh3 61. Kd6 e3 62. Kd5 f4 63. Ke4 Kg2 64. Kd3 Kf2 65. Re8 Kf3 0-1